书目信息 |
| 题名: |
C语言程序设计基础教程
|
|
| 作者: | 张军 , 于延 主编 | |
| 分册: | ||
| 出版信息: | 北京 清华大学出版社 2011.01 |
|
| 页数: | x, 289页 | |
| 开本: | 26cm | |
| 丛书名: | 21世纪高等学校计算机教育实用规划教材 | |
| 单 册: | ||
| 中图分类: | TP312C | |
| 科图分类: | ||
| 主题词: | C语言--C yu yan--程序设计--高等学校--教材 | |
| 电子资源: | ||
| ISBN: | 978-7-302-23507-1 | |
| 000 | 01095nam 2200277 450 | |
| 001 | 296797 | |
| 005 | 20110830141741.20 | |
| 010 | @a978-7-302-23507-1@dCNY29.50 | |
| 100 | @a20110226d2011 em y0chiy0121 ea | |
| 101 | 0 | @achi |
| 102 | @aCN@b110000 | |
| 105 | @aak z 000yy | |
| 106 | @ar | |
| 200 | 1 | @aC语言程序设计基础教程@AC yu yan cheng xu she ji ji chu jiao cheng@f于延, 张军主编 |
| 210 | @a北京@c清华大学出版社@d2011.01 | |
| 215 | @ax, 289页@c图@d26cm | |
| 225 | 2 | @a21世纪高等学校计算机教育实用规划教材@A21 shi ji gao deng xue xiao ji suan ji jiao yu shi yong gui hua jiao cai |
| 330 | @a本书介绍了C语言编程的基本知识和程序设计的基本方法,内容包括C语言概述、基本数据类型、运算符和表达式、控制结构、函数、作用域和存储类别、数组、指针、字符串、结构体和共用体、编译预处理、文件。各章配有大量例题和练习。 | |
| 410 | 0 | @12001 @a21世纪高等学校计算机教育实用规划教材 |
| 586 | @a | |
| 606 | 0 | @aC语言@AC yu yan@x程序设计@x高等学校@j教材 |
| 690 | @aTP312C@v5 | |
| 701 | 0 | @a张军@Azhang jun@4主编 |
| 701 | 0 | @a于延@Ayu yan@4主编 |
| 801 | 0 | @aCN@c20110610 |
| 905 | @dTP312C@eY733 | |
| C语言程序设计基础教程/于延, 张军主编.-北京:清华大学出版社,2011.01 |
| x, 289页:图;26cm.-(21世纪高等学校计算机教育实用规划教材) |
| ISBN 978-7-302-23507-1:CNY29.50 |
| 本书介绍了C语言编程的基本知识和程序设计的基本方法,内容包括C语言概述、基本数据类型、运算符和表达式、控制结构、函数、作用域和存储类别、数组、指针、字符串、结构体和共用体、编译预处理、文件。各章配有大量例题和练习。 |
| ● |
| 相关链接 |
|
|
|
正题名:C语言程序设计基础教程
索取号:TP312C/Y733
 
预约/预借
| 序号 | 登录号 | 条形码 | 馆藏地/架位号 | 状态 | 备注 |
| 1 | 889236 | 208892368 | 自科二线400A/400A自科库 6排2列5层/ [索取号:TP312C/Y733] | 在馆 | |
| 2 | 889237 | 208892377 | 自科库301/301自科库 55排1列1层/ [索取号:TP312C/Y733] | 在馆 | |
| 3 | 889238 | 208892386 | 自科库301/301自科库 55排1列1层/ [索取号:TP312C/Y733] | 在馆 |